000 01025nam a22002657a 4500
005 20240530110355.0
008 150106s2008 ua o a 000 0 ara d
017 _a2006/16490
_bمصر . دار الكتب المصرية
020 _a9770913391
040 _aEG-CaGPL
041 0 _aara
082 0 4 _221
_a305.234
_bط/أ ح
100 0 _aامل الشاذلى
245 1 0 _aحياتهم مثل حياتى :
_bكيف يعيش اطفال العالم /
_cترجمة امل الشاذلى ؛ تنفيذ فنى سامح رشوان ؛ مراجعة و تدقيق خالد ابو بكر
250 _aط 1
260 _aالقاهرة :
_bدار الشروق ،
_c2008
300 _a125 ص :
_bصور ؛
_c30 سم
650 0 4 _aقصص الاطفال
650 0 4 _aالاطفال
_xرعاية صحية
650 0 4 _aالاطفال
_xرعاية اجتماعية
700 0 _aسامح رشوان
700 0 _aخالد ابو بكر
_eمراجع
942 _2ddc
_cBK
999 _c60152
_d60152